|
|
|
|
| LEADER |
01583cam a2200289 a 4500 |
| 001 |
00504110 |
| 003 |
GR-PaULI |
| 008 |
060511s2003 nyu 000 0 eng d |
| 020 |
|
|
|a 1560221054
|
| 040 |
|
|
|a GrPaTEI
|b gre
|c GR-PaULI
|
| 082 |
|
0 |
|a 639. 8
|2 21
|
| 245 |
0 |
0 |
|a Sustainable aquaculture :
|b global perspectives /
|c B.B. Jana, Carl D. Webster, editors.
|
| 260 |
|
|
|a New York :
|b Food Products Press,
|c c2003.
|
| 300 |
|
|
|a 365 σ. :
|b εικ. ;
|c 23 εκ.
|
| 500 |
|
|
|a Περιλαμβάνει βιβλιογραφία και ευρετήριο
|
| 500 |
|
|
|a Προερχόμενο από το τμήμα Ιχθυοκομίας
|
| 650 |
|
0 |
|a Aquaculture
|
| 650 |
|
7 |
|a Υδατοκαλλιέργεια
|2 lcsh/gre
|
| 700 |
1 |
|
|a Jana, B. B.
|
| 700 |
1 |
|
|a Webster, Carl D.
|
| 710 |
|
|
|a Food Products Press
|
| 942 |
|
|
|2 ddc
|
| 952 |
|
|
|0 0
|1 0
|2 ddc
|4 0
|6 639_809000000000000_54_JAN
|7 0
|9 250456
|a MSLG
|b MSLG
|c BSC
|d 2021-01-17
|e 24
|f 0
|g 0.00
|l 0
|o 639 809 54 JAN
|p 99242000028563
|r 2021-01-17 00:00:00
|t 1
|w 2021-01-17
|y BK15
|x Items transfered from Loc16 to Loc24
|x GrPaTEI
|
| 952 |
|
|
|0 0
|1 0
|2 ddc
|4 0
|6 639_809000000000000_54_JAN
|7 0
|9 250457
|a MSLG
|b MSLG
|c BSC
|d 2021-01-17
|e 24
|f 0
|g 0.00
|l 0
|o 639.809 54 JAN
|p 99242000028564
|r 2021-01-17 00:00:00
|t 3
|w 2021-01-17
|y BK15
|x Items transfered from Loc16 to Loc24
|x GrPaTEI
|
| 952 |
|
|
|0 0
|1 0
|2 ddc
|4 0
|6 639_809000000000000_54_JAN
|7 0
|9 250458
|a MSLG
|b MSLG
|c BSC
|d 2021-01-17
|e 24
|f 0
|g 0.00
|l 0
|o 639.809 54 JAN
|p 99242000028565
|r 2021-01-17 00:00:00
|t 2
|w 2021-01-17
|y BK15
|x Items transfered from Loc16 to Loc24
|x GrPaTEI
|
| 971 |
|
|
|a .b11791615
|b 24-09-20
|c 27-08-15
|
| 999 |
|
|
|c 148670
|d 148670
|